| 000 | 00401nam a2200169Ia 4500 | ||
|---|---|---|---|
| 008 | 260330s2024 xx 000 0 und d | ||
| 020 | _a978191171709-6 | ||
| 041 | _aeng | ||
| 082 |
_a1.64404 _bSUM |
||
| 100 | _aSULEYMAN,M. | ||
| 245 | _aNEXUS | ||
| 260 |
_bPENGUIN BOOKS LTD. PUNE _c2024 |
||
| 300 |
_aXXXVI/492pg _bPB |
||
| 365 | _cRs. | ||
| 650 | _aComputer Science | ||
| 700 | _aSULEYMAN,M. | ||
| 999 |
_c1218410 _d1218410 |
||